La deuda externa y el desarrollo económico de américa latina : (Registro nro. 12830)

Detalles MARC
000 -LEADER
fixed length control field 00997nam a2200229Ia 4500
003 - CONTROL NUMBER IDENTIFIER
control field OSt
005 - DATE AND TIME OF LATEST TRANSACTION
control field 20211207092151.0
008 - FIXED-LENGTH DATA ELEMENTS--GENERAL INFORMATION
fixed length control field 210310s1984 wauad gr 000 0 spa d
040 ## - CATALOGING SOURCE
Original cataloging agency CO-JMCR
Transcribing agency CO-JMCR
041 0# - LANGUAGE CODE
Language code of text/sound track or separate title spa
082 04 - DEWEY DECIMAL CLASSIFICATION NUMBER
Classification number 336.3435 /
Item number B213d
Edition number 23
110 2# - MAIN ENTRY--CORPORATE NAME
Corporate name or jurisdiction name as entry element Banco Interamericano de Desarrollo
Relator term autor
9 (RLIN) 6750
245 13 - TITLE STATEMENT
Title La deuda externa y el desarrollo económico de américa latina :
Remainder of title antecedentes y perspectivas /
Statement of responsibility, etc. Banco Interamericano de Desarrollo
260 ## - PUBLICATION, DISTRIBUTION, ETC.
Place of publication, distribution, etc. Washington :
Name of publisher, distributor, etc. Banco Interamericano de Desarrollo,
Date of publication, distribution, etc. 1984.
300 ## - PHYSICAL DESCRIPTION
Extent 230 páginas :
Other physical details ilustraciones y gráficas blanco y negro ;
Dimensions 24 cm.
501 ## - WITH NOTE
With note Con: notas a pie de páginas
505 0# - FORMATTED CONTENTS NOTE
Formatted contents note Resuenen y conclusiones. -- Proyecciones macroeconómicas. -- Perspectivas de las exportaciones latinoamericanas.
650 14 - SUBJECT ADDED ENTRY--TOPICAL TERM
Topical term or geographic name entry element Factores externos
General subdivision Deuda externa
9 (RLIN) 41753
650 24 - SUBJECT ADDED ENTRY--TOPICAL TERM
Topical term or geographic name entry element Problema de la deuda
General subdivision Deuda externa
9 (RLIN) 41754
650 24 - SUBJECT ADDED ENTRY--TOPICAL TERM
Topical term or geographic name entry element Crecimiento económico
General subdivision Deuda externa
9 (RLIN) 41755
942 ## - ADDED ENTRY ELEMENTS (KOHA)
Source of classification or shelving scheme Dewey Decimal Classification
Koha item type Books
Existencias
Withdrawn status Lost status Source of classification or shelving scheme Damaged status Not for loan Home library Current library Shelving location Date acquired Source of acquisition Full call number Barcode Date last seen Copy number Price effective from Koha item type
    Dewey Decimal Classification     Biblioteca Pública José María del Castillo y Rada Biblioteca Pública José María del Castillo y Rada General Stacks 04/15/2018 Donación 336.3435 / B213d 430004251 05/16/2024 Ej.1 03/10/2021 Books